Statistics for Dutch train stations - Zeeland

Click here to take the quiz!

General Stats

  • This quiz has been taken 77 times
  • The average score is 7 of 9

Answer Stats

CompanyAnswer% Correct
NSMiddelburg
98%
NSGoes
97%
NSVlissingen
95%
NSArnemuiden
77%
NSVlissingen Souburg
75%
NSKruiningen-Yerseke
73%
NSRilland-Bath
67%
NSKrabbendijke
62%
NSKapelle-Biezelinge
57%

Score Distribution

Percentile by Number Answered

Percent of People with Each Score

Your Score History

You have not taken this quiz